00973nam a2200217 a 450000100100000000500170001000800410002702000180006804000250008608200130011111101270012424500750025126000340032649000270036050000990038750000740048650400330056083000340059395201110062799900170073800004287520201002040450.0140211s2007 sp 000 0 spa d a9788476356937 aDO-SdBNPbspacBNPHU axxxbxxx2 aGrand seminaire de Neuchâtel, Coloquio Internacional Cristina Fernández Cubasd17-19 de mayo de 2005 :cMadrid)97029310aCristina Fernández Cubas :bGrand séminaire de Neuchâtel (2005). aMadrid :bArco/Libros,c2007.1 aCuadernos de narrativa aEn la portada: Centro de Investigación de Narrativa Española, Universidad de Neuchâtel . aIncluye referencias bibliográficas y notas al pie de las páginas. aBibliografía: p. [197]-204 0aCuadernos de narrativa969549 001050718MOaGRbGRcCTd2014-02-11iLF1l0oxxx xxxp42875-10r2020-06-25w2020-06-25y1ZNo se presta c42364d42364